000 00485nam a2200181Ia 4500
001 18751
005 20260306171654.0
008 260306s9999||||xx |||||||||||||| ||und||
041 _aESP
082 _a658.5
_bCH546
100 _aChesbrough, Henry W.
_eAUT
245 0 _aOpen Innovation:
_bthe new imperative for creating and profiting from technology
260 _c2003
300 _axxxi, 227 páginas :
_c24 cm.
650 _aGEN
654 _aCAN
942 _cLIB
_dJUS
_fJUS
_2ddc
_n
999 _c18751
_d18751